Statistics for Visa-free access for Argentina passport holders

Click here to take the quiz!

General Stats

  • This quiz has been taken 29 times
  • The average score is 107 of 144

Answer Stats

Countries% Correct
Japan
100%
United Kingdom
100%
Brazil
95%
Ecuador
95%
Germany
95%
Ireland
95%
Italy
95%
Mexico
95%
Paraguay
95%
Russia
95%
South Africa
95%
Spain
95%
Uruguay
95%
Venezuela
95%
Andorra
90%
Belgium
90%
Bolivia
90%
Chile
90%
Costa Rica
90%
France
90%
Haiti
90%
Iceland
90%
Netherlands
90%
Peru
90%
Austria
86%
Barbados
86%
Bulgaria
86%
Colombia
86%
Croatia
86%
Denmark
86%
El Salvador
86%
Guyana
86%
Iran
86%
Jamaica
86%
Latvia
86%
Morocco
86%
New Zealand
86%
Panama
86%
Portugal
86%
South Korea
86%
Ukraine
86%
Belize
81%
Estonia
81%
Fiji
81%
Finland
81%
Guatemala
81%
Honduras
81%
Hungary
81%
Lithuania
81%
Madagascar
81%
Norway
81%
Poland
81%
Qatar
81%
Suriname
81%
Sweden
81%
Thailand
81%
Turkey
81%
Vatican City
81%
Antigua and Barbuda
76%
Bahamas
76%
Bosnia and Herzegovina
76%
Cambodia
76%
Dominica
76%
Dominican Republic
76%
Egypt
76%
Greece
76%
Indonesia
76%
Israel
76%
Kenya
76%
Laos
76%
Monaco
76%
Montenegro
76%
Nicaragua
76%
Oman
76%
Romania
76%
Slovakia
76%
Slovenia
76%
Tunisia
76%
Tuvalu
76%
Armenia
71%
Bangladesh
71%
Cyprus
71%
Czech Republic
71%
Grenada
71%
Jordan
71%
Kazakhstan
71%
Liechtenstein
71%
Luxembourg
71%
Malta
71%
Saint Kitts and Nevis
71%
Saint Lucia
71%
Saint Vincent and the Grenadines
71%
San Marino
71%
Senegal
71%
Serbia
71%
Somalia
71%
Albania
67%
Bahrain
67%
Belarus
67%
Federated States of Micronesia
67%
Macedonia
67%
Mongolia
67%
Nepal
67%
Palau
67%
Samoa
67%
Trinidad and Tobago
67%
United Arab Emirates
67%
Vanuatu
67%
Zambia
67%
Botswana
62%
Ethiopia
62%
Georgia
62%
Kyrgyzstan
62%
Lebanon
62%
Malaysia
62%
Mauritius
62%
Papua New Guinea
62%
Rwanda
62%
Switzerland
62%
Tanzania
62%
Zimbabwe
62%
Burkina Faso
57%
Djibouti
57%
Guinea-Bissau
57%
Kosovo
57%
Malawi
57%
Maldives
57%
Mauritania
57%
Philippines
57%
Seychelles
57%
Singapore
57%
Tajikistan
57%
Uganda
57%
Cape Verde
52%
Marshall Islands
52%
Mozambique
52%
Solomon Islands
52%
Sri Lanka
52%
Togo
52%
Benin
48%
Comoros
48%
East Timor
48%
Gabon
48%
Swaziland
48%

Score Distribution

Percentile by Number Answered

Percent of People with Each Score

Your Score History

You have not taken this quiz